Đặc điểm tiểu thuyết của Nguyễn Việt Hà : Luận văn Thạc sĩ. Chuyên ngành Văn học Việt Nam

Giới thiệu những vấn đề chung về Nguyễn Việt Hà và tiểu thuyết Việt Nam đương đại, đặc điểm nội dung và nghệ thuật tiểu thuyết Nguyễn Việt Hà

Na minha lista:
Detalhes bibliográficos
Autor principal: Mai, Thị Minh
Formato: Livro
Idioma:Undetermined
Publicado em: Cần Thơ Trường Đại học Cần Thơ 2018
Assuntos:
Tags: Adicionar Tag
Sem tags, seja o primeiro a adicionar uma tag!
Thư viện lưu trữ: Trung tâm Học liệu Trường Đại học Cần Thơ
LEADER 01007nam a2200217Ia 4500
001 CTU_228096
008 210402s9999 xx 000 0 und d
082 |a 895.9223009 
082 |b M312 
088 |a 8220121 
100 |a Mai, Thị Minh 
245 0 |a Đặc điểm tiểu thuyết của Nguyễn Việt Hà : 
245 0 |b Luận văn Thạc sĩ. Chuyên ngành Văn học Việt Nam 
245 0 |c Mai Thị Minh ; Trần Thị Nâu (Cán bộ hướng dẫn) 
260 |a Cần Thơ 
260 |b Trường Đại học Cần Thơ 
260 |c 2018 
520 |a Giới thiệu những vấn đề chung về Nguyễn Việt Hà và tiểu thuyết Việt Nam đương đại, đặc điểm nội dung và nghệ thuật tiểu thuyết Nguyễn Việt Hà 
650 |a Vietnamese fiction,Tiểu thuyết Việt Nam 
910 |b nthai 
980 |a Trung tâm Học liệu Trường Đại học Cần Thơ